| Tag |
First Indicator |
Second Indicator |
Subfields |
| LEADER |
00000pam a22000004a 4500 |
| 001 |
in00001815513 |
| 005 |
20151025192136.0 |
| 008 |
030529s2004 nyu b 001 0 eng |
| 010 |
|
|
|a 2003054792
|
| 020 |
|
|
|a 0387404635 (alk. paper)
|
| 035 |
|
|
|a (OCoLC)ocm52386135
|
| 040 |
|
|
|a DLC
|c DLC
|d YDX
|d UtOrBLW
|
| 042 |
|
|
|a pcc
|
| 049 |
|
|
|a TXAM
|
| 050 |
0 |
0 |
|a QA641
|b .A588 2004
|
| 082 |
0 |
0 |
|a 516.3/6
|2 21
|
| 100 |
1 |
|
|a Akivis, M. A.
|q (Maks Aĭzikovich)
|
| 245 |
1 |
0 |
|a Differential geometry of varieties with degenerate Gauss maps /
|c Maks Akivis, Vladislav V. Goldberg.
|
| 264 |
|
1 |
|a New York :
|b Springer-Verlag,
|c [2004]
|
| 264 |
|
4 |
|c ©2004
|
| 300 |
|
|
|a xxi, 255 pages ;
|c 25 cm.
|
| 336 |
|
|
|a text
|b txt
|2 rdacontent
|
| 337 |
|
|
|a unmediated
|b n
|2 rdamedia
|
| 338 |
|
|
|a volume
|b nc
|2 rdacarrier
|
| 490 |
1 |
|
|a CMS books in mathematics ;
|v 18
|
| 504 |
|
|
|a Includes bibliographical references (pages 221-236) and indexes.
|
| 650 |
|
0 |
|a Geometry, Differential.
|
| 650 |
|
0 |
|a Gauss maps.
|
| 700 |
1 |
|
|a Golʹdberg, V. V.
|q (Vladislav Viktorovich)
|
| 830 |
|
0 |
|a CMS books in mathematics ;
|v 18.
|
| 945 |
|
|
|i PromptCat
|
| 948 |
|
|
|a cataloged
|b cmulkey
|c 2004/1/15
|d 12:49:54 pm
|
| 994 |
|
|
|a 92
|b TXA
|
| 999 |
|
|
|a MARS
|
| 999 |
f |
f |
|s a8137557-8f30-3e79-a0d6-db0888882b9a
|i 314285a5-c81a-3819-a408-6fa52212ac5e
|t 0
|
| 952 |
f |
f |
|p normal
|a Texas A&M University
|b College Station
|c Sterling C. Evans Library
|d Evans: Library Stacks
|t 0
|e QA641 .A588 2004
|h Library of Congress classification
|i unmediated -- volume
|m A14830915606
|
| 998 |
f |
f |
|a QA641 .A588 2004
|t 0
|l Evans: Library Stacks
|